IFM Opac

THE LOGIC OF COLLECTIVE ACTION (Record no. 14903)

MARC details
000 -LEADER
fixed length control field 00345nam a22001337a 4500
082 ## - DEWEY DECIMAL CLASSIFICATION NUMBER
Classification number 331.88OLS
100 ## - MAIN ENTRY--PERSONAL NAME
Personal name OLSON, MANCUR
245 ## - TITLE STATEMENT
Title THE LOGIC OF COLLECTIVE ACTION
260 ## - PUBLICATION, DISTRIBUTION, ETC.
Place of publication, distribution, etc. NEW YORK
Name of publisher, distributor, etc. SCHCKEN BOOKS
Date of publication, distribution, etc. 1972
300 ## - PHYSICAL DESCRIPTION
Extent VIII,176P
Other physical details ILL,:25CM
500 ## - GENERAL NOTE
General note INCLUDES INDEX
650 ## - SUBJECT ADDED ENTRY--TOPICAL TERM
Topical term or geographic name entry element PUBLIC GOODS AND THE THEORY OF GROUPS
942 ## - ADDED ENTRY ELEMENTS (KOHA)
Koha item type Books
Holdings
Withdrawn status Lost status Source of classification or shelving scheme Damaged status Not for loan Home library Current library Shelving location Date acquired Full call number Barcode Date last seen Price effective from Koha item type
Withdrawn   Dewey Decimal Classification     IFM Main Campus Library IFM Main Campus Library   01/25/2016 331.88OLS 0000009903 01/25/2016 02/19/2022 Books